| 000 | 00548nam a2200217Ia 4500 | ||
|---|---|---|---|
| 005 | 20250425162121.0 | ||
| 008 | 250425s9999 xx 000 0 und d | ||
| 041 | _aspa | ||
| 082 | _a634.956 | ||
| 100 | _aAREVALO, ANIBAL | ||
| 245 | 0 | _aSISTEMAS AGROFORESTALES | |
| 250 | _a1A ED. | ||
| 260 |
_aEcuador _bFUNDACION JATUN SACHA 2002 _c2002 |
||
| 260 | _aQUITO | ||
| 300 | _a67 | ||
| 500 | _aEN CINGZ-FIMCP D-30542 PARA AGROP. | ||
| 650 | _aECUADOR-PROYECTO SUBIR | ||
| 650 | _aSISTEMAS AGROFORESTALES | ||
| 942 | _c01 | ||
| 010 | _a51123 | ||
| 999 |
_c222677 _d222677 |
||